50 Personnages de Gintama - Statistiques

Statistiques générales
  • Ce quiz a été pris 245 fois
  • Le résultat moyen est 25 sur 50
Statistiques - réponses
Hint Réponse % Correct
1 Sakata Gintoki
100%
3 Kagura
97%
2 Shimura Shinpachi
96%
18 Kotaro Katsura / Zura
90%
6 Toshiro Hijikata
87%
5 Isao Kondo
85%
20 Tae Shimura
85%
23 Shinsuke Takasugi
80%
7 Sogo Okita
80%
4 Sadaharu
79%
28 Kamui
77%
19 Elizabeth
76%
33 Otose
75%
38 Taizō Hasegawa / MADAO
74%
35 Tama
74%
40 Tatsuma Sakamoto
67%
45 Tsukuyo
65%
48 Yoshida Shouyou
63%
21 Ayame Sarutobi
62%
8 Sagaru Yamazaki
61%
34 Catherine
60%
31 Kyubei Yagyu
59%
37 Sakata Kintoki
59%
13 Shige Shige Tokugawa / Sho-chan
59%
12 Imai Nobume
54%
49 Oboro
53%
30 Umibozu
52%
42 Doromizu Jirochou
47%
22 Zenzo Hattori
46%
24 Bansai Kawakami
40%
36 Gengai Hiraga
40%
29 Abuto
38%
41 Mutsu
37%
11 Sasaki Isaburo
37%
16 Hitotsubashi Nobu Nobu
32%
14 Tokugawa Soyo
28%
43 Doromizu Pirako
24%
26 Matako Kijima
24%
47 Housen
23%
46 Hinowa
22%
15 Tokugawa Sada Sada
22%
27 Henpeita Takechi
20%
25 Nizo Okada
19%
50 Kouka
18%
32 Ayumu Tojo
10%
39 Saigou Tokumori
10%
9 Saitou Shimaru
10%
10 Katakuriko Matsudaira
6%
44 Terada Tatsugorou
6%
17 Rotten Maizou
3%
Aucun quiz correspondant
Distribution des résultats
% des personnes avec chaque résultat
Percentile par nombre de réponses
Votre historique - résultats
Vous n’avez pas pris ce quiz